00427nam a2200145Ia 4500008004100000041000900041082001700050100002400067245002500091260003800116300000800154650000800162999001700170952009400187230718s9999 xx 000 0 und d aEng. a29763bSCH-A aSchimmel, Annemarie 4aAnd Muhammad is this aPakistanbSangemeel Ruthie c2003 a377 aLaw c26649d26649 00104070aSIRC-LbSIRC-Ld2023-07-18l0o29763 SCH-Ap21601r2023-07-18w2023-07-18yBK